Hope (Record no. 241497)
[ view plain ]
| 000 -LEADER | |
|---|---|
| fixed length control field | 02040nam a22002297a 4500 |
| 005 - DATE AND TIME OF LATEST TRANSACTION | |
| control field | 20260526094910.0 |
| 008 - FIXED-LENGTH DATA ELEMENTS--GENERAL INFORMATION | |
| fixed length control field | 260525b |||||||| |||| 00| 0 eng d |
| 020 ## - INTERNATIONAL STANDARD BOOK NUMBER | |
| International Standard Book Number | 978960658038 |
| 040 ## - CATALOGING SOURCE | |
| Transcribing agency | AL |
| 041 ## - LANGUAGE CODE | |
| Language code of text/sound track or separate title | eng |
| 082 ## - DEWEY DECIMAL CLASSIFICATION NUMBER | |
| Classification number | 128.4 |
| Item number | DSOH |
| 100 ## - MAIN ENTRY--PERSONAL NAME | |
| Personal name | Ivan Dsouza Ed |
| 100 ## - MAIN ENTRY--PERSONAL NAME | |
| 9 (RLIN) | 264558 |
| 245 ## - TITLE STATEMENT | |
| Title | Hope |
| Remainder of title | : Philosophizing from multi horizons |
| 260 ## - PUBLICATION, DISTRIBUTION, ETC. | |
| Place of publication, distribution, etc. | Eluru |
| Name of publisher, distributor, etc. | Association of Christian Philosophers of India |
| Date of publication, distribution, etc. | 2025 |
| 300 ## - PHYSICAL DESCRIPTION | |
| Extent | xxxvi,442p |
| Other physical details | PB |
| Dimensions | 23x15.5cm |
| 365 ## - TRADE PRICE | |
| Source of price type code | Philosophy |
| Price amount | ₹750.00 |
| Currency code | ₹ |
| Unit of pricing | ₹950.00 |
| Price effective from | 05-02-2026 |
| 520 ## - SUMMARY, ETC. | |
| Summary, etc. | HOPE: Philosophizing from Multi-horizons comprises the proceedings of the 47th National Annual Research Seminar of the Association of Christian Philosophers of India (ACPI), convened at St Joseph’s Interdiocesan Seminary, Jeppu, Mangalore, from 19 to 21 October 2024. In a world shadowed by despair, darkness, desolation, and despondency, hope emerges as the force that lends meaning and direction to human existence. The natural world itself yearns for this hope, inviting us to commit to ecological preservation, sustainable development, and a renewed harmony with Mother Earth. Given the pressing need of hope for humanity and the world at large, this volume sheds light on its significance in the context of the Jubilee Year 2025—a Year of Hope. The contributions gathered here are not just a set of academic essays; they form a symphonic dialogue across traditions, disciplines, and lived realities. They explore existential foundations, metaphysical frameworks, psycho-somatic dimensions, social and political praxis, transformative and integrative visions of hope. Each essay has its own insights and reflections, yet together they broaden our understanding of what it means to hope in our time. These discourses invite readers to discern the signs of hope and to derive or infuse hope into their human, cosmic, and divine realms |
| 650 ## - SUBJECT ADDED ENTRY--TOPICAL TERM | |
| Topical term or geographic name entry element | Psycho Somatic Dimensions |
| 9 (RLIN) | 264544 |
| 650 ## - SUBJECT ADDED ENTRY--TOPICAL TERM | |
| Topical term or geographic name entry element | Ethics of Hope |
| 9 (RLIN) | 264545 |
| 650 ## - SUBJECT ADDED ENTRY--TOPICAL TERM | |
| Topical term or geographic name entry element | ACPI Annual Research Seminar |
| 9 (RLIN) | 264546 |
| 942 ## - ADDED ENTRY ELEMENTS (KOHA) | |
| Source of classification or shelving scheme | Dewey Decimal Classification |
| Koha item type | Book |
| Withdrawn status | Lost status | Source of classification or shelving scheme | Damaged status | Not for loan | Collection code | Home library | Current library | Shelving location | Date acquired | Source of acquisition | Cost, normal purchase price | Total Checkouts | Full call number | Barcode | Date last seen | Cost, replacement price | Price effective from | Koha item type |
|---|---|---|---|---|---|---|---|---|---|---|---|---|---|---|---|---|---|---|
| Dewey Decimal Classification | Others | St Aloysius Library | St Aloysius Library | Stack Section | 05/06/2026 | St Josephs Institute of Philosophy Mangalore-575002 | 750.00 | 128.4 DSOH | 078133 | 05/25/2026 | 950.00 | 02/05/2026 | Book |